000 00325nam a2200145Ia 4500
008 210210b1901 xxu||||| |||| 00| 0 eng d
041 _aeng
082 _a829/1136
100 _aTOLSTOY (L)
245 _aTales
260 _aLondon
_bNot Mentioned
_c1901
650 _aTales
690 _aEnglish Fiction
906 _a017748
999 _c137732
_d137732